| 000 | 00960nam0a22002531 4500 | ||
|---|---|---|---|
| 001 | rc\979297 | ||
| 005 | 20041129101123.0 | ||
| 035 | _a(NLR Aleph) 006147470 | ||
| 090 |
_a5726706 _c5726706 |
||
| 100 | _a20041129d1982 u |0rusy50 ca | ||
| 101 | 0 | _arus | |
| 102 | _aRU | ||
| 105 | _aa ||||||||| | ||
| 200 | 1 |
_aФольклор _eПоэтика и традиция. 1981 _e[Сборник] _fАН СССР, Ин-т мировой лит. им. А.М. Горького _g[Отв. ред. В.М. Гацак] |
|
| 210 |
_aМ. _cНаука _d1982 |
||
| 215 |
_a344 с. _cил. _d22 |
||
| 320 | _aБиблиогр. в конце статей | ||
| 702 | 1 |
_aГацак _bВ. М. _gВиктор Михайлович _4340 |
|
| 712 | 0 | 2 |
_aИнститут мировой литературы им. А.М.Горького _cМосква _3RU\NLR\AUTH\889978472 |
| 801 | 0 |
_aRU _bNLR _gpsbo |
|
| 801 | 1 |
_aRU _bELAR _2rusmarc |
|
| 852 |
_aNLR _j82-5/5216 |
||
| 942 | _cBOOK | ||
| 980 | _aNB | ||